[Event "2BLN 1819 SK König Tegel - SV Lingen"]
[Site "?"]
[Date "2018.11.11"]
[Round "2.5"]
[White "Milanovic, Danilo"]
[Black "Bruedigam, Martin"]
[Result "1-0"]
[WhiteElo "2486"]
[BlackElo "2392"]
[PlyCount "125"]
[EventDate "2018.??.??"]

1. d4 Nf6 2. c4 e6 3. Nc3 Bb4 4. e3 O-O 5. Nge2 Re8 6. a3 Bf8 7. d5 a5 8. Ng3
Na6 9. Rb1 exd5 10. cxd5 Nc5 11. b3 c6 12. a4 b6 13. Bc4 Ba6 14. O-O Qb8 15.
Bxa6 Rxa6 16. Bb2 b5 17. dxc6 dxc6 18. Nce2 Rd8 19. Qc2 Nd5 20. Bd4 Ne6 21. Ba1
Nb4 22. Qe4 Rd5 23. Qg4 Qd8 24. h4 g6 25. Nc3 h5 26. Qf3 Rd3 27. Nce4 Bg7 28.
Nf6+ Bxf6 29. Bxf6 Qd5 30. Ne4 Qf5 31. Rfd1 Qxf3 32. gxf3 Ra8 33. Kf1 Rxd1+ 34.
Rxd1 Nd5 35. Be5 Rd8 36. Ke2 f5 37. Ng5 Nxg5 38. hxg5 bxa4 39. bxa4 Re8 40. Ba1
Kf7 41. Rc1 Rb8 42. Rxc6 Rb4 43. Be5 Rxa4 44. Rd6 Ne7 45. Bf6 Ra2+ 46. Kf1 Ng8
47. Bd4 a4 48. Rd7+ Ke8 49. Rg7 Ne7 50. Bc5 Nd5 51. Rxg6 Rc2 52. Bd4 h4 53. Ra6
h3 54. Kg1 Ne7 55. Rxa4 Ng6 56. Ra8+ Kf7 57. Ra7+ Kf8 58. Rh7 Rc1+ 59. Kh2 Rf1
60. Rxh3 Rxf2+ 61. Kg3 Rd2 62. Bf6 Re2 63. Rh6 1-0

[Event "2BLN 1819 SK König Tegel - SV Lingen"]
[Site "?"]
[Date "2018.11.11"]
[Round "2.6"]
[White "Fruebing, Stefan"]
[Black "Levin, Felix"]
[Result "0-1"]
[WhiteElo "2406"]
[BlackElo "2470"]
[PlyCount "86"]
[EventDate "2018.??.??"]

1. e4 e5 2. Nf3 Nc6 3. Bc4 Bc5 4. O-O d6 5. d3 Nf6 6. c3 a6 7. Bb3 Ba7 8. Nbd2
O-O 9. h3 Ne7 10. Re1 Ng6 11. Nf1 b5 12. Ng3 c5 13. d4 cxd4 14. cxd4 Bb7 15.
dxe5 dxe5 16. Bg5 Bc5 17. Qxd8 Rfxd8 18. Bxf6 gxf6 19. Nh5 Be7 20. Rac1 Rac8
21. Rxc8 Rxc8 22. Nh2 Nf4 23. Nxf4 exf4 24. Bd5 Bxd5 25. exd5 Kf8 26. Rd1 Rc2
27. d6 Bd8 28. Nf3 Bb6 29. Nd4 Bxd4 30. Rxd4 Ke8 31. b3 Rxa2 32. Rxf4 a5 33.
Rxf6 Ra3 34. d7+ Kxd7 35. Rxf7+ Kc6 36. Rxh7 Rxb3 37. Ra7 Rb1+ 38. Kh2 Ra1 39.
Rg7 b4 40. h4 b3 41. Rg6+ Kc5 42. Rg5+ Kc4 43. Rg4+ Kc3 0-1

[Event "2BLN 1819 SK König Tegel - SV Lingen"]
[Site "?"]
[Date "2018.11.11"]
[Round "2.7"]
[White "Kollen, Zyon"]
[Black "Berger, Steve"]
[Result "1/2-1/2"]
[WhiteElo "2358"]
[BlackElo "2432"]
[PlyCount "198"]
[EventDate "2018.??.??"]

1. e4 e6 2. d4 d5 3. Nc3 Nf6 4. Bg5 dxe4 5. Nxe4 Nbd7 6. Nf3 Be7 7. Nxf6+ Bxf6
8. h4 O-O 9. Bd3 c5 10. Qe2 cxd4 11. Qe4 g6 12. Bxf6 Nxf6 13. Qxd4 Qxd4 14.
Nxd4 e5 15. Nb5 Bd7 16. O-O a6 17. Nd6 Bc6 18. Rfd1 Kg7 19. Nc4 Rfe8 20. Na5
Rac8 21. Nxc6 Rxc6 22. c3 Rb6 23. b3 e4 24. Bc4 Rc6 25. a4 Re5 26. Rac1 Rec5
27. Rd4 b5 28. axb5 axb5 29. Be2 Rxc3 30. Rxc3 Rxc3 31. Rb4 Rc1+ 32. Bf1 Nd5
33. Rxe4 Rb1 34. b4 Kf6 35. g4 Nxb4 36. g5+ Kf5 37. Re7 Nd5 38. Rxf7+ Kg4 39.
Rxh7 Nf4 40. Rf7 b4 41. h5 Nxh5 42. Rb7 Nf4 43. Rb5 Kh4 44. Rc5 b3 45. Rb5 Kg4
46. Re5 b2 47. Rb5 Kh4 48. Rb3 Kxg5 49. f3 Nd5 50. Kf2 Nc3 51. Bd3 Rc1 52. Rb6
b1=Q 53. Rxg6+ Kf4 54. Rg4+ Ke5 55. Bxb1 Rxb1 56. Rh4 Rb2+ 57. Kg3 Ne2+ 58. Kf2
Nd4+ 59. Kf1 Nxf3 60. Re4+ Kd5 61. Ra4 Nd4 62. Ra8 Nb5 63. Ke1 Ke4 64. Re8+ Kd3
65. Rd8+ Nd4 66. Kf1 Ke3 67. Re8+ Kf4 68. Rf8+ Nf5 69. Ke1 Ra2 70. Kd1 Ke4 71.
Re8+ Kd3 72. Ke1 Nd6 73. Rd8 Re2+ 74. Kf1 Re6 75. Ra8 Nc4 76. Kf2 Rf6+ 77. Kg3
Rf7 78. Ra1 Ke2 79. Kg4 Ke3 80. Ra8 Ke4 81. Re8+ Ne5+ 82. Kg3 Rg7+ 83. Kf2 Rg5
84. Ra8 Nd3+ 85. Ke2 Rg2+ 86. Kd1 Nb2+ 87. Ke1 Nd3+ 88. Kd1 Nc5 89. Re8+ Kd3
90. Rd8+ Ke3 91. Re8+ Ne4 92. Kc1 Re2 93. Rd8 Nf6 94. Rd6 Rf2 95. Re6+ Kd4 96.
Rd6+ Kc5 97. Rd8 Nd5 98. Rc8+ Kb4 99. Kd1 Rh2 1/2-1/2

[Event "2BLN 1819 SK König Tegel - SV Lingen"]
[Site "?"]
[Date "2018.11.11"]
[Round "2.8"]
[White "Muse, Drazen"]
[Black "Gutman, Lev"]
[Result "1-0"]
[WhiteElo "2363"]
[BlackElo "2434"]
[PlyCount "85"]
[EventDate "2018.??.??"]

1. Nf3 Nf6 2. c4 g6 3. Nc3 d5 4. cxd5 Nxd5 5. Qb3 Nb6 6. d4 Bg7 7. Bf4 Be6 8.
Qc2 O-O 9. e3 Nc6 10. Be2 Nb4 11. Qd1 c5 12. O-O cxd4 13. Nxd4 Bd7 14. Bg5 Nc6
15. Nb3 Bf5 16. g4 Be6 17. Nc5 Qxd1 18. Rfxd1 Bc8 19. Rac1 f6 20. Bh4 Ne5 21.
h3 h5 22. Bg3 f5 23. Nb5 fxg4 24. Nc7 gxh3 25. Nxa8 Nxa8 26. Bxe5 Bxe5 27. Nd7
Bxd7 28. Rxd7 Bd6 29. Rxb7 Nb6 30. Rxa7 Rf5 31. f4 Nd5 32. Bd3 Nxf4 33. Rc8+
Kg7 34. Bxf5 Ne2+ 35. Kf2 h2 36. Be4 Ng3 37. Bf3 h1=Q 38. Bxh1 Nxh1+ 39. Kg2
Ng3 40. Rxe7+ Bxe7 41. Kxg3 Bd6+ 42. Kg2 g5 43. a4 1-0

[Event "2BLN 1819 Hamburger SK II - SK Norderst"]
[Site "?"]
[Date "2018.11.11"]
[Round "2.1"]
[White "Krause, Benedict"]
[Black "Kramer, Julian"]
[Result "1/2-1/2"]
[WhiteElo "2434"]
[BlackElo "2378"]
[PlyCount "93"]
[EventDate "2018.??.??"]

1. e4 c5 2. Nf3 d6 3. d4 cxd4 4. Nxd4 Nf6 5. Nc3 a6 6. Bg5 e6 7. f4 Nbd7 8. Qe2
Qc7 9. O-O-O b5 10. a3 Bb7 11. g4 Be7 12. Bh4 h6 13. Be1 g5 14. f5 e5 15. Nb3
Nc5 16. Nxc5 dxc5 17. h4 b4 18. Nd5 Nxd5 19. exd5 bxa3 20. bxa3 Qd6 21. Bg2 Kf8
22. c4 Kg7 23. Bc3 Bf6 24. hxg5 hxg5 25. Be4 a5 26. Bc2 Rae8 27. Qe4 Qd8 28.
Ba4 Rxh1 29. Rxh1 Rh8 30. Rxh8 Qxh8 31. Bxe5 Qh3 32. Bxf6+ Kxf6 33. Kb2 Qh2+
34. Qc2 Qe5+ 35. Qc3 Qxc3+ 36. Kxc3 Ke5 37. Be8 f6 38. Kb3 Ba6 39. Bc6 Kd6 40.
Be8 Ke7 41. Bb5 Bc8 42. Kc3 Kd6 43. Bc6 Ba6 44. Be8 Ke7 45. Bg6 Bc8 46. Bh7 Kd6
47. Bg6 1/2-1/2

[Event "2BLN 1819 Hamburger SK II - SK Norderst"]
[Site "?"]
[Date "2018.11.11"]
[Round "2.2"]
[White "Bracker, Frank"]
[Black "Parvanyan, Ashot"]
[Result "1-0"]
[WhiteElo "2394"]
[BlackElo "2428"]
[PlyCount "117"]
[EventDate "2018.??.??"]

1. Nf3 Nf6 2. c4 g6 3. Nc3 Bg7 4. e4 d6 5. d4 O-O 6. Be2 e5 7. O-O Nc6 8. d5
Ne7 9. b4 a5 10. bxa5 c5 11. Nd2 Rxa5 12. a4 Ne8 13. Nb3 Ra6 14. Bd2 f5 15. f3
f4 16. a5 Nf6 17. Na4 Nd7 18. Nc1 g5 19. Nd3 Ng6 20. Nf2 Rf7 21. Qb3 h5 22. h3
Bf6 23. Rfb1 Qf8 24. Nb6 Nxb6 25. axb6 Bd8 26. Rxa6 bxa6 27. Qa3 Rb7 28. Ba5
Bd7 29. Bd1 Ne7 30. Be1 Rxb6 31. Rxb6 Bxb6 32. Qxa6 Qd8 33. Ba4 Bxa4 34. Qxa4
Kf7 35. Kf1 Bc7 36. Nd1 Qe8 37. Qa7 Qb8 38. Qa4 Qb1 39. Ke2 Bb6 40. Bd2 g4 41.
hxg4 hxg4 42. Qd7 Qc2 43. Qb5 Bc7 44. Nc3 g3 45. Qa6 Qb3 46. Kd3 Ke8 47. Ke2
Bd8 48. Ke1 Kd7 49. Nb5 Qb1+ 50. Ke2 Qg1 51. Qb7+ Ke8 52. Nxd6+ Kf8 53. Qd7
Qxg2+ 54. Kd3 Qf1+ 55. Kc2 g2 56. Qxd8+ Kg7 57. Qxe7+ Kg6 58. Qf7+ Kg5 59. Qg7+
1-0

[Event "2BLN 1819 Hamburger SK II - SK Norderst"]
[Site "?"]
[Date "2018.11.11"]
[Round "2.3"]
[White "Ostrovskiy, Andrey"]
[Black "Colpe, Malte"]
[Result "1/2-1/2"]
[WhiteElo "2429"]
[BlackElo "2390"]
[PlyCount "94"]
[EventDate "2018.??.??"]

1. e4 e5 2. Nf3 Nc6 3. Bb5 a6 4. Ba4 Nf6 5. d3 d6 6. c3 g6 7. Nbd2 Bg7 8. O-O
O-O 9. Re1 Re8 10. Nf1 b5 11. Bb3 h6 12. Ng3 Na5 13. Bc2 c5 14. Be3 Bb7 15. h3
Qe7 16. Qd2 Qf8 17. b4 Nc6 18. a3 a5 19. Bb3 Kh7 20. Rab1 axb4 21. axb4 Rad8
22. h4 Bc8 23. h5 Bg4 24. hxg6+ fxg6 25. Nh2 cxb4 26. cxb4 Be6 27. Rec1 Bxb3
28. Rxb3 Rc8 29. Rbc3 Nd4 30. Bxd4 exd4 31. Rxc8 Rxc8 32. Ne2 Rxc1+ 33. Nxc1
Qa8 34. Ne2 Qa1+ 35. Qc1 Qa4 36. Nxd4 Nxe4 37. dxe4 Bxd4 38. Qc7+ Kh8 39. Qd8+
Kh7 40. Qd7+ Kh8 41. Ng4 h5 42. Qe8+ Kh7 43. Qf7+ Bg7 44. Nf6+ Kh6 45. Ng8+ Kh7
46. Nf6+ Kh6 47. Ng8+ Kh7 1/2-1/2

[Event "2BLN 1819 Hamburger SK II - SK Norderst"]
[Site "?"]
[Date "2018.11.11"]
[Round "2.4"]
[White "Voigt, Roland"]
[Black "Kopylov, Michael"]
[Result "1-0"]
[WhiteElo "2444"]
[BlackElo "2419"]
[PlyCount "95"]
[EventDate "2018.??.??"]

1. Nf3 d5 2. g3 c6 3. Bg2 Bg4 4. O-O Nd7 5. d3 Ngf6 6. c4 e6 7. h3 Bxf3 8. exf3
dxc4 9. dxc4 Nc5 10. Be3 Qd3 11. b4 Qxd1 12. Rxd1 Na6 13. b5 cxb5 14. f4 Nc5
15. Nc3 Rc8 16. Nxb5 a6 17. Nc3 Be7 18. Rab1 O-O 19. Ne2 Rfe8 20. Rdc1 Rc7 21.
Bxc5 Bxc5 22. Bxb7 Rd8 23. Rc2 h6 24. Bf3 Rd3 25. Rb3 Rcd7 26. Rxd3 Rxd3 27.
Kg2 a5 28. Nc1 Ra3 29. Nb3 Nd7 30. Bc6 a4 31. Nd2 Nb6 32. Ne4 Be7 33. Bb5 f5
34. Nc3 Bc5 35. Kf1 Bb4 36. c5 Rxc3 37. Rxc3 Bxc3 38. cxb6 Bd4 39. b7 Ba7 40.
Bxa4 Kf7 41. Bd7 Kf6 42. Ke2 e5 43. fxe5+ Kxe5 44. f4+ Ke4 45. h4 Bb8 46. h5
Ba7 47. Be6 Bb8 48. Bb3 1-0

[Event "2BLN 1819 Hamburger SK II - SK Norderst"]
[Site "?"]
[Date "2018.11.11"]
[Round "2.5"]
[White "Kahlert, Thomas"]
[Black "Hoolt, Sarah"]
[Result "1/2-1/2"]
[WhiteElo "2195"]
[BlackElo "2351"]
[PlyCount "68"]
[EventDate "2018.??.??"]

1. Nf3 Nf6 2. d4 e6 3. e3 b6 4. c4 Bb7 5. Nc3 Bb4 6. Bd3 Ne4 7. Qc2 f5 8. O-O
Bxc3 9. bxc3 O-O 10. Nd2 Qh4 11. f3 Ng5 12. Rf2 Rf6 13. f4 Nf7 14. e4 Nh6 15.
Nf3 Qh5 16. d5 Na6 17. Ba3 Ng4 18. Re2 Rh6 19. h3 fxe4 20. Bxe4 Nf6 21. Rd1
Nxe4 22. Qxe4 d6 23. Ng5 e5 24. Nf3 exf4 25. Qxf4 Rf8 26. Qg5 Bc8 27. Re7 Qxg5
28. Nxg5 Rg6 29. Ne6 Bxe6 30. dxe6 Rff6 31. Re8+ Rf8 32. Re7 Rff6 33. Re8+ Rf8
34. Re7 Rff6 1/2-1/2

[Event "2BLN 1819 Hamburger SK II - SK Norderst"]
[Site "?"]
[Date "2018.11.11"]
[Round "2.6"]
[White "Meissner, Felix"]
[Black "Hagenstein, Frank"]
[Result "1/2-1/2"]
[WhiteElo "2350"]
[BlackElo "2273"]
[PlyCount "80"]
[EventDate "2018.??.??"]

1. e4 e5 2. Nf3 Nf6 3. d3 Nc6 4. g3 Bc5 5. Bg2 O-O 6. O-O d5 7. exd5 Nxd5 8.
Nc3 Nde7 9. Be3 Bb6 10. Bxb6 axb6 11. Re1 f6 12. Nb5 Nf5 13. a4 Ncd4 14. Nfxd4
Nxd4 15. Nxd4 Qxd4 16. c3 Qd6 17. d4 exd4 18. Qxd4 Qxd4 19. cxd4 Rd8 20. Re7 c6
21. Rae1 Kf8 22. h3 Rb8 23. Bf1 Bf5 24. Bc4 Rd7 25. Rxd7 Bxd7 26. f4 Rd8 27.
Kf2 Be8 28. Ke3 Bh5 29. b4 Ra8 30. Bb3 Bf7 31. Bc2 Ke7 32. Kd2+ Kd6 33. Kc3 h6
34. h4 Re8 35. Rxe8 Bxe8 36. Bb3 Bg6 37. Bd1 Bf5 38. Bf3 Be6 39. Be4 Bg4 40.
Bg2 Bf5 1/2-1/2

[Event "2BLN 1819 Hamburger SK II - SK Norderst"]
[Site "?"]
[Date "2018.11.11"]
[Round "2.7"]
[White "Powierski, Emil"]
[Black "Fuchs, Judith"]
[Result "1-0"]
[WhiteElo "2311"]
[BlackElo "2263"]
[PlyCount "93"]
[EventDate "2018.??.??"]

1. e4 c5 2. c3 Nf6 3. e5 Nd5 4. Nf3 Nc6 5. Bc4 Nb6 6. Bb3 d5 7. exd6 c4 8. Bc2
Qxd6 9. O-O Bg4 10. Qe2 f6 11. Na3 Ne5 12. Be4 Nxf3+ 13. Bxf3 Bxf3 14. Qxf3 Qd7
15. Rd1 e6 16. b3 cxb3 17. axb3 Be7 18. Qh5+ g6 19. Qh6 Kf7 20. d4 Nd5 21. Bb2
g5 22. g3 b5 23. c4 bxc4 24. bxc4 Nb6 25. d5 exd5 26. cxd5 Rag8 27. d6 Rg6 28.
Qh5 Bd8 29. Bd4 Kg7 30. Nc4 Rf8 31. Ne3 Rf7 32. Ra5 Kf8 33. Ng4 Nc8 34. Rd5 Nb6
35. Ra5 Nc8 36. Ra2 Bb6 37. Bc3 Kg7 38. Re2 Bc5 39. Rd5 Bxd6 40. Rxg5 Be7 41.
Rxg6+ hxg6 42. Qh6+ Kg8 43. Qxg6+ Kf8 44. Qh6+ Kg8 45. Rxe7 Nxe7 46. Nxf6+ Rxf6
47. Qxf6 1-0

[Event "2BLN 1819 Hamburger SK II - SK Norderst"]
[Site "?"]
[Date "2018.11.11"]
[Round "2.8"]
[White "Groetzbach, Julian"]
[Black "Kopylov, Daniel"]
[Result "0-1"]
[WhiteElo "2247"]
[BlackElo "2211"]
[PlyCount "84"]
[EventDate "2018.??.??"]

1. e4 c5 2. Nf3 d6 3. d4 cxd4 4. Nxd4 Nf6 5. Nc3 Nc6 6. Bg5 e6 7. Qd2 Be7 8.
O-O-O Nxd4 9. Qxd4 O-O 10. f4 Qa5 11. Be2 h6 12. Bh4 e5 13. Qd3 exf4 14. Be1
Re8 15. Kb1 Be6 16. Nd5 Qa4 17. b3 Qc6 18. Nxe7+ Rxe7 19. Bf3 Rd7 20. e5 dxe5
21. Bxc6 Rxd3 22. Rxd3 bxc6 23. Bc3 Ng4 24. Re1 f6 25. g3 Bf5 26. Rd2 g5 27.
Bb4 Kf7 28. Bc5 e4 29. gxf4 gxf4 30. Rd6 Ne5 31. a4 a6 32. Kb2 Rg8 33. Re2 f3
34. Red2 Be6 35. Kc3 Bd5 36. a5 Re8 37. Be3 Ng4 38. Kd4 Ke7 39. Rxd5 cxd5 40.
Bf4 Ke6 41. c4 Kf5 42. Be3 dxc4 0-1

[Event "2BLN 1819 FC St. Pauli - Lübecker SV"]
[Site "?"]
[Date "2018.11.11"]
[Round "2.1"]
[White "Kalinitschew, Sergey"]
[Black "Socko, Bartosz"]
[Result "1/2-1/2"]
[WhiteElo "2432"]
[BlackElo "2611"]
[PlyCount "63"]
[EventDate "2018.??.??"]

1. d4 Nf6 2. c4 e6 3. Nf3 b6 4. g3 Bb7 5. Bg2 c5 6. O-O cxd4 7. Qxd4 Nc6 8. Qd3
Rc8 9. b3 d5 10. Nbd2 Nb4 11. Qb1 dxc4 12. bxc4 Be7 13. Bb2 Nc6 14. Rd1 Qc7 15.
Ng5 Rd8 16. Nge4 Na5 17. Nxf6+ Bxf6 18. Bxf6 gxf6 19. Bxb7 Nxb7 20. Qb4 Nc5 21.
Nb3 Ke7 22. Qa3 f5 23. Nxc5 bxc5 24. e3 h5 25. h4 Rhg8 26. Kf1 Kf6 27. Rab1
Rxd1+ 28. Rxd1 Rb8 29. Qc3+ Kg6 30. Kg1 Rb6 31. Qh8 Rb8 32. Qc3 1/2-1/2

[Event "2BLN 1819 FC St. Pauli - Lübecker SV"]
[Site "?"]
[Date "2018.11.11"]
[Round "2.2"]
[White "Feuerstack, Aljoscha"]
[Black "Riess, Alexander"]
[Result "1/2-1/2"]
[WhiteElo "2454"]
[BlackElo "2280"]
[PlyCount "81"]
[EventDate "2018.??.??"]

1. e4 e5 2. Nf3 Nc6 3. d4 exd4 4. Nxd4 Nf6 5. Nc3 Bb4 6. Nxc6 bxc6 7. Bd3 d5 8.
exd5 cxd5 9. O-O O-O 10. Qf3 Bg4 11. Qg3 Qd7 12. h3 Bf5 13. Bg5 Bxc3 14. bxc3
Ne4 15. Bxe4 Bxe4 16. Rfe1 f6 17. Bf4 c6 18. Re2 Rfe8 19. Rb1 Bg6 20. Be3 c5
21. Rd2 Qc6 22. a4 Re5 23. Rb5 d4 24. cxd4 cxd4 25. Rxd4 Rxb5 26. axb5 Qxb5 27.
c4 Qe5 28. Qf3 Rb8 29. Rd1 Be4 30. Qg4 h5 31. Qe2 Bc6 32. Qd3 a5 33. Qd6 Rb1
34. Qd8+ Kh7 35. Qd3+ Be4 36. Qd2 Qa1 37. Rxb1 Qxb1+ 38. Qc1 Qxc1+ 39. Bxc1 Kg6
40. f3 Bd3 41. c5 1/2-1/2

[Event "2BLN 1819 FC St. Pauli - Lübecker SV"]
[Site "?"]
[Date "2018.11.11"]
[Round "2.3"]
[White "Kololli, Martin"]
[Black "Socko, Monika"]
[Result "1/2-1/2"]
[WhiteElo "2328"]
[BlackElo "2463"]
[PlyCount "101"]
[EventDate "2018.??.??"]

1. e4 g6 2. d4 d6 3. Nf3 Bg7 4. c3 Nf6 5. Bd3 O-O 6. O-O Nc6 7. h3 e5 8. Nbd2
Nh5 9. Nb3 Nf4 10. Bb5 Qf6 11. Bxc6 bxc6 12. dxe5 dxe5 13. Bxf4 exf4 14. e5 Qe7
15. Qd4 g5 16. Na5 Bd7 17. Rad1 Rfd8 18. Nb7 c5 19. Qd2 Rdb8 20. Qxd7 Qxd7 21.
Rxd7 Rxb7 22. Nxg5 Rxb2 23. Re1 Rxa2 24. Nxf7 a5 25. e6 Re8 26. Rd8 Kf8 27. Ng5
Ke7 28. Rd7+ Kf6 29. Ne4+ Kg6 30. e7 Be5 31. Nxc5 Bxc3 32. Re4 Ra1+ 33. Kh2 Re1
34. Rxe1 Bxe1 35. Nd3 Bb4 36. Rxc7 Rxe7 37. Rc4 Rb7 38. Nxf4+ Kf5 39. Nd3 Bd6+
40. f4 Rb3 41. g4+ Ke6 42. Nc5+ Kd5 43. Nxb3 Kxc4 44. Nxa5+ Kb5 45. Kg3 Kxa5
46. g5 Kb5 47. Kg4 Kc6 48. f5 Kd5 49. g6 hxg6 50. fxg6 Ke6 51. g7 1/2-1/2

[Event "2BLN 1819 FC St. Pauli - Lübecker SV"]
[Site "?"]
[Date "2018.11.11"]
[Round "2.4"]
[White "Jahncke, Giso"]
[Black "Svane, Frederik"]
[Result "0-1"]
[WhiteElo "2381"]
[BlackElo "2300"]
[PlyCount "120"]
[EventDate "2018.??.??"]

1. e4 c5 2. Nf3 e6 3. d4 cxd4 4. Nxd4 a6 5. c4 Nf6 6. Nc3 Qc7 7. a3 b6 8. Be3
Bb7 9. f3 d6 10. Be2 Nbd7 11. O-O Rc8 12. Rc1 Qb8 13. b4 Be7 14. Qd2 Bd8 15.
Kh1 h5 16. Rc2 Bc7 17. h3 O-O 18. Rb1 Qa8 19. Qc1 Rfe8 20. Nb3 Bc6 21. a4 Bb7
22. Ra1 Ne5 23. Nd2 d5 24. cxd5 exd5 25. Nd1 dxe4 26. Rxc7 exf3 27. Nxf3 Nxf3
28. Bxf3 Bxf3 29. gxf3 Qxf3+ 30. Kh2 Qe2+ 31. Bf2 Qe5+ 32. Bg3 Rxc7 33. Bxe5
Rxc1 34. Rxc1 Rxe5 35. Rc6 Re6 36. Rc8+ Re8 37. Rc6 Re6 38. Rc8+ Kh7 39. Nc3
Re3 40. Rc6 Re6 41. Rc7 Kg6 42. Ra7 Rc6 43. Rxa6 Rxc3 44. Rxb6 Kg5 45. Rb7 Kh4
46. Rxf7 Rxh3+ 47. Kg2 Ra3 48. a5 Nd5 49. Rxg7 Nxb4 50. Rc7 Na6 51. Rc4+ Kg5
52. Rc8 Rxa5 53. Ra8 Kg4 54. Rg8+ Rg5 55. Rxg5+ Kxg5 56. Kh3 h4 57. Kg2 Kg4 58.
Kh2 h3 59. Kg1 Kg3 60. Kh1 Nc5 0-1

[Event "2BLN 1819 FC St. Pauli - Lübecker SV"]
[Site "?"]
[Date "2018.11.11"]
[Round "2.5"]
[White "Poghosyan, Tigran"]
[Black "Krause, Jonah"]
[Result "1/2-1/2"]
[WhiteElo "2192"]
[BlackElo "2321"]
[PlyCount "154"]
[EventDate "2018.??.??"]

1. e4 c5 2. Nf3 e6 3. d4 cxd4 4. Nxd4 Nc6 5. Nb5 d6 6. c4 a6 7. N5c3 Nf6 8. Be2
Be7 9. O-O O-O 10. Na3 b6 11. Be3 Ne5 12. f3 Rb8 13. Qd2 Bb7 14. Rfd1 Qc7 15.
Rac1 Rfd8 16. Qe1 Ba8 17. Qg3 Kh8 18. Kh1 Rg8 19. f4 Ned7 20. Bf3 Nc5 21. Rd4
Rgd8 22. b4 Ncd7 23. Rdd1 Rbc8 24. Qf2 Qb8 25. Qd2 Bf8 26. Qb2 Bb7 27. Qb1 Kg8
28. Na4 Ba8 29. Kg1 Rc7 30. Kh1 Rdc8 31. Qd3 h6 32. Kg1 Be7 33. Kh1 d5 34. cxd5
exd5 35. exd5 Rxc1 36. Rxc1 Rxc1+ 37. Bxc1 Bxb4 38. Qxa6 Bxd5 39. Bxd5 Nxd5 40.
Qc4 Bxa3 41. Bxa3 Qxf4 42. Qxf4 Nxf4 43. Nc3 f5 44. Bd6 Ne6 45. Kg1 Kf7 46. Kf2
Nd4 47. Ke3 Nc2+ 48. Kd2 Nd4 49. Kd3 Nc6 50. Kc4 Ke6 51. Bc7 g5 52. Kb5 Nd4+
53. Ka6 f4 54. h3 h5 55. h4 f3 56. gxf3 gxh4 57. Nd1 b5 58. Nf2 Ne5 59. f4 Nec6
60. Kb6 b4 61. Kc5 Kf5 62. Bd6 Ke6 63. Bf8 Kd7 64. Kc4 Ne2 65. f5 Nc1 66. Bxb4
Nxa2 67. Bd2 Kd6 68. Bf4+ Ke7 69. Bg5+ Kf7 70. Bxh4 Ne5+ 71. Kd5 Nf3 72. Bd8
Nc3+ 73. Kc4 Ne2 74. Kd3 Ng3 75. Ke3 Ne5 76. Kf4 Nc6 77. Kxg3 Nxd8 1/2-1/2

[Event "2BLN 1819 FC St. Pauli - Lübecker SV"]
[Site "?"]
[Date "2018.11.11"]
[Round "2.6"]
[White "Voigt, Martin"]
[Black "Christ, Ralf"]
[Result "1-0"]
[WhiteElo "2308"]
[BlackElo "2275"]
[PlyCount "81"]
[EventDate "2018.??.??"]

1. e4 e5 2. Nf3 Nc6 3. Bc4 Bc5 4. c3 Nf6 5. d3 a6 6. h3 Ba7 7. O-O O-O 8. Re1
d5 9. exd5 Nxd5 10. Nxe5 Nxe5 11. Rxe5 Bxf2+ 12. Kxf2 Qf6+ 13. Qf3 Qxe5 14.
Qxd5 Qxd5 15. Bxd5 Rd8 16. Bf3 Rxd3 17. Bf4 c6 18. Nd2 Bf5 19. Nb3 Rdd8 20. Na5
Rd7 21. c4 Re8 22. c5 Rd4 23. Kg3 Bc8 24. b3 h6 25. h4 Re6 26. Bd6 Rg6+ 27. Kf2
Rxh4 28. Rd1 Be6 29. Nxb7 Rf6 30. Be7 Rxf3+ 31. Kxf3 g5 32. Rd6 Rb4 33. Nd8
Bg4+ 34. Kg3 Re4 35. Nxc6 f5 36. Rxh6 Re3+ 37. Kh2 Re2 38. Bxg5 Bf3 39. Nd4
Rxg2+ 40. Kh3 Be4 41. Bf4 1-0

[Event "2BLN 1819 FC St. Pauli - Lübecker SV"]
[Site "?"]
[Date "2018.11.11"]
[Round "2.7"]
[White "Ehrke, Michael"]
[Black "Mueller, Fabian"]
[Result "1/2-1/2"]
[WhiteElo "2212"]
[BlackElo "2337"]
[PlyCount "60"]
[EventDate "2018.??.??"]

1. d4 g6 2. Nf3 Bg7 3. Bf4 d6 4. e3 Nd7 5. h3 e5 6. Bh2 Qe7 7. Be2 Ngf6 8. O-O
O-O 9. c4 b6 10. Nc3 Bb7 11. b4 Ne4 12. Nxe4 Bxe4 13. c5 bxc5 14. bxc5 dxc5 15.
dxe5 Nxe5 16. Nxe5 Bxe5 17. Bxe5 Qxe5 18. Qa4 Rab8 19. Rad1 Rb2 20. Bd3 Rb4 21.
Qd7 Ba8 22. Rfe1 Rfb8 23. Bf1 Kg7 24. Rd2 Rb2 25. Rxb2 Rxb2 26. Bc4 Qf6 27. Rf1
Rb4 28. Rc1 Rb2 29. Rf1 Rb4 30. Rc1 Rb2 1/2-1/2

[Event "2BLN 1819 FC St. Pauli - Lübecker SV"]
[Site "?"]
[Date "2018.11.11"]
[Round "2.8"]
[White "Stenner, Patrick"]
[Black "Lampe, Dirk"]
[Result "1-0"]
[WhiteElo "2220"]
[BlackElo "2156"]
[PlyCount "85"]
[EventDate "2018.??.??"]

1. d4 Nf6 2. c4 g6 3. Nf3 Bg7 4. g3 O-O 5. Bg2 d6 6. O-O c5 7. Nc3 Nc6 8. dxc5
dxc5 9. Be3 Qa5 10. Qb3 Ng4 11. Bd2 Nd4 12. Nxd4 cxd4 13. Qb5 Qd8 14. Nd5 e6
15. Ba5 b6 16. Ne7+ Qxe7 17. Bb4 Qc7 18. Bxf8 Bd7 19. Qg5 Rxf8 20. Qxg4 e5 21.
Qe4 Qxc4 22. Rfc1 Qb4 23. b3 Bf5 24. Qb7 Qd2 25. Rc7 e4 26. Rac1 Qxe2 27. Bf1
Qb2 28. R1c2 Qb1 29. Rc1 Qb2 30. g4 d3 31. Bxd3 exd3 32. gxf5 Be5 33. Rc8 Bxh2+
34. Kxh2 Qxf2+ 35. Qg2 Qh4+ 36. Kg1 Qd4+ 37. Qf2 Qg4+ 38. Kf1 Qh3+ 39. Ke1 Rxc8
40. Rxc8+ Kg7 41. f6+ Kh6 42. Rc4 g5 43. Kd2 1-0

[Event "2BLN 1819 SV Glückauf Rüdersdorf - L�"]
[Site "?"]
[Date "2018.12.15"]
[Round "3.1"]
[White "Kalinitschew, Sergey"]
[Black "Kanarek, Marcel"]
[Result "1-0"]
[WhiteElo "2439"]
[BlackElo "2504"]
[PlyCount "103"]
[EventDate "2018.??.??"]

1. d4 Nf6 2. c4 g6 3. Nc3 Bg7 4. e4 d6 5. h3 O-O 6. Be3 Na6 7. g4 c5 8. Nge2
cxd4 9. Nxd4 Nc5 10. Bg2 a5 11. O-O a4 12. Rb1 h5 13. g5 Nh7 14. Ndb5 Bd7 15.
f4 Bc6 16. b4 axb3 17. axb3 e5 18. f5 Nxg5 19. Nxd6 b6 20. b4 Ra3 21. bxc5 Rxc3
22. Qd2 Rxe3 23. Qxe3 bxc5 24. Qxc5 Qd7 25. Rb6 Ba8 26. Ra6 Rd8 27. h4 Bf8 28.
Rfa1 Nxe4 29. Bxe4 Bxe4 30. Qxe5 Bg7 31. Qxe4 Bxa1 32. fxg6 fxg6 33. Qxg6+ Bg7
34. Qxh5 Rf8 35. Kg2 Qe6 36. Qd5 Qxd5+ 37. cxd5 Rf4 38. Ra8+ Kh7 39. Ra7 Kg6
40. h5+ Kxh5 41. Rxg7 Rd4 42. Rh7+ Kg5 43. Rd7 Kf6 44. Ne8+ Ke5 45. d6 Ke6 46.
Re7+ Kf5 47. Kf3 Rd1 48. Ke2 Rd4 49. d7 Rd5 50. Rf7+ Ke5 51. Ng7 Rd6 52. Re7+
1-0

[Event "2BLN 1819 SV Glückauf Rüdersdorf - L�"]
[Site "?"]
[Date "2018.12.15"]
[Round "3.2"]
[White "Leniart, Arkadiusz"]
[Black "Riess, Alexander"]
[Result "1-0"]
[WhiteElo "2498"]
[BlackElo "2288"]
[PlyCount "81"]
[EventDate "2018.??.??"]

1. d4 Nf6 2. Nc3 d5 3. Bf4 c5 4. e3 cxd4 5. Nb5 Qa5+ 6. c3 dxc3 7. b4 Qxb4 8.
Qb3 Nc6 9. Nf3 e5 10. Nxe5 c2+ 11. Ke2 Nxe5 12. Bxe5 Bg4+ 13. f3 Rc8 14. Nc7+
Rxc7 15. Bxc7 Qxb3 16. axb3 Ba3 17. Kd2 c1=Q+ 18. Rxc1 Bxc1+ 19. Kxc1 Ke7 20.
Kd2 Rc8 21. Be5 Bf5 22. Bc3 Ke6 23. g4 Bg6 24. h4 h5 25. g5 Ne8 26. e4 dxe4 27.
fxe4 Rd8+ 28. Ke3 Nd6 29. Bh3+ Ke7 30. Bxg7 Nxe4 31. Bg2 Rg8 32. Bd4 Ng3 33.
Re1 Kd6 34. Kf4 Nf5 35. Be5+ Kc5 36. Rc1+ Kb4 37. Bc3+ Kc5 38. Be4 Ne7 39. Bf6+
Kd6 40. Rd1+ Ke6 41. Bg2 1-0

[Event "2BLN 1819 SV Glückauf Rüdersdorf - L�"]
[Site "?"]
[Date "2018.12.15"]
[Round "3.3"]
[White "Kololli, Martin"]
[Black "Steczek, Marcin"]
[Result "1/2-1/2"]
[WhiteElo "2343"]
[BlackElo "2372"]
[PlyCount "97"]
[EventDate "2018.??.??"]

1. e4 Nf6 2. e5 Nd5 3. d4 d6 4. Nf3 Bg4 5. Be2 e6 6. O-O Be7 7. c4 Nb6 8. Nc3
O-O 9. Be3 N8d7 10. exd6 cxd6 11. b3 Nf6 12. h3 Bh5 13. Rc1 Re8 14. g4 Bg6 15.
Nh4 Nfd7 16. Nxg6 hxg6 17. Bf3 Rb8 18. Bg2 g5 19. Qf3 Nf8 20. c5 Nc8 21. cxd6
Nxd6 22. d5 Qa5 23. dxe6 Nxe6 24. Qd5 Qa3 25. Qd2 Rbd8 26. Nd5 Nb5 27. Rc4 b6
28. Qd3 Nbc7 29. Qf5 Nxd5 30. Bxd5 Bf6 31. Ra4 Qe7 32. Bxe6 fxe6 33. Qg6 Rd7
34. h4 Qf7 35. Qxf7+ Kxf7 36. hxg5 Be7 37. Rc1 e5 38. Re4 Bd6 39. Rd1 Red8 40.
Kg2 Bc7 41. Rc1 Bb8 42. Rec4 Bd6 43. Kf3 Ke6 44. Rd1 Rc7 45. Rxc7 Bxc7 46. Rxd8
Bxd8 47. g6 Kd5 48. Ke2 e4 49. Kd2 {(=)} 1/2-1/2